Statistics for Countries that Have Won the Most Battles

Click here to take the quiz!

General Stats

  • This quiz has been taken 32,313 times
    (32,240 since last reset)
  • The average score is 21 of 28

Answer Stats

Battles WonAnswer% Correct
1105United Kingdom
99%
1115France
98%
833United States
98%
491Russia / Soviet Union
97%
560Germany / Prussia / HRE
96%
244China
95%
183Japan
93%
387Spain
93%
132Italy
91%
93India / Mughals
85%
110Portugal
85%
210Turkey / Ottomans
85%
89Greece
80%
102Iran / Persian Empires
80%
344Poland
79%
82Canada
77%
76Egypt
77%
165Sweden
77%
209Austria
75%
137Australia
72%
92Mongolia
71%
114Netherlands
71%
259Rome
70%
79Denmark
67%
78Korea
67%
108Islamic Caliphates
36%
107Byzantine Empire
17%
128Confederate States
5%

Score Distribution

Percentile by Number Answered

Percent of People with Each Score

Your Score History

You have not taken this quiz since the last reset